<?xml version="1.0" encoding="UTF-8"?>
<collection xmlns="http://www.loc.gov/MARC21/slim">
 <record>
  <leader>00545nam a22001815a 4500</leader>
  <controlfield tag="001">EUN.um000318</controlfield>
  <controlfield tag="003">AR-BaUNS</controlfield>
  <controlfield tag="005">20050623122849.0</controlfield>
  <controlfield tag="008">041125s1992####ag#a##########000#0#spa#d</controlfield>
  <datafield tag="245" ind1="1" ind2="4">
   <subfield code="a">Los griegos de Ingeniero White y Bahía Blanca /</subfield>
   <subfield code="c">Mario A. Ritacco.</subfield>
  </datafield>
  <datafield tag="260" ind1=" " ind2=" ">
   <subfield code="a">Bahía Blanca,</subfield>
   <subfield code="c">1992.</subfield>
  </datafield>
  <datafield tag="300" ind1=" " ind2=" ">
   <subfield code="a">98 p. :</subfield>
   <subfield code="b">il. ;</subfield>
   <subfield code="c">21 cm. .</subfield>
  </datafield>
  <datafield tag="490" ind1="0" ind2=" ">
   <subfield code="a">Fundación Helénica</subfield>
  </datafield>
  <datafield tag="020" ind1=" " ind2=" ">
   <subfield code="a">9504345352</subfield>
  </datafield>
  <datafield tag="100" ind1="1" ind2=" ">
   <subfield code="a">Ritacco, Mario A.</subfield>
  </datafield>
  <datafield tag="082" ind1="0" ind2="4">
   <subfield code="a">325.82</subfield>
  </datafield>
  <datafield tag="653" ind1=" " ind2=" ">
   <subfield code="a">Ingeniero white</subfield>
  </datafield>
  <datafield tag="859" ind1=" " ind2=" ">
   <subfield code="a">Ar-BaUNS</subfield>
   <subfield code="b">BIB. CENTRAL - Sector C</subfield>
   <subfield code="h">325.82</subfield>
   <subfield code="i">R51</subfield>
   <subfield code="p">102246/993</subfield>
  </datafield>
 </record>
</collection>
